000 00652cam a22002172 4500
001 0000000002
005 20151217151742.0
008 060605s xx 000 0 eng d
020 _a0333516524 :
_cKES 820
040 _aKABU
_cKABU
100 1 _aWerner, David.
_@0000161265
245 1 0 _aWhere there is no doctor :
_ba village health care handbook for Africa.
260 _aOxford :
_bMacmillan,
_c2004.
300 _a440 p. :
_bill.
650 1 _aHealth
_xMedicine.
_@0000161266
908 _a060605
950 _@1
996 _a0000000075
999 _c4688
_d4688